000 00746nam a2200229Ia 4500
003 BUBTL
008 151213s9999 xx 000 0 und d
020 _a0-0-7-048695-6
082 _a658.45
_bKEB
100 _aRaymond V. Lesiker & Marie E. Flatly
245 _aBasic Business Communication Skills for Empowering Internal & Generation
_cRaymond V. Lesiker & Marie E. Flatly
250 _a9th
260 _aNew Yeork
_bMc Graw Hill
_c2002
300 _a[xxv] , 591p . :
_bill , Graph , Map ; 24cm .
_cBusiness .
500 _aIncludes Index .
650 0 _aBusiness
_961
650 0 _aBusiness
_961
700 _aRaymond V. Lesiker & Marie E. Flatly
856 _k0
_l0
_yDownload
942 _2ddc
_cBK
999 _c1420
_d1420